000
00256 a2200085 4500
020
_a
9781465436078
100
_a
David Taylor
245
_a
Digital Photography Complete Course: Learn Everything You Need to Know in 20 Weeks
260
_b
DK; Reissue edition
_c
2015
999
_c
13259
_d
13259